الإسلام فى عصر العلم : (Record no. 15753)
[ view plain ]
| 000 -الفاتح | |
|---|---|
| حقل البيانات ثابتة الطول | 00988nam a22001937a 4500 |
| 008 - عناصر البيانات ثابتة الطول - معلومات عامة | |
| حقل البيانات ثابتة الطول | 110727t xxu||||| |||| 00| 0 ara d |
| 020 ## - الرقم الدولى المعيارى للكتب | |
| الرقم الدولى المعيارى للكتاب | 97772059 |
| 082 ## - رقم تصنيف ديوى العشرى | |
| رقم الطبعة | 22 |
| رقم التصنيف | 297.265 |
| رقم المادة | غ م ر |
| 100 1# - المدخل الرئيسى - إسم شخصى | |
| 9 (RLIN) | 26575 |
| الإسم الشخصى | الغمراوى ، محمد أحمد |
| 245 ## - بيان العنوان | |
| العنوان | الإسلام فى عصر العلم : |
| بقية العنوان | الدين . والرسول . والكتاب / |
| بيان المسئوليه,etc | محمد أحمد الغمراوى ؛ إعداد أحمد عبد السلام الكردانى |
| 260 ## - PUBLICATION, DISTRIBUTION, ETC. (IMPRINT) | |
| مكان الناشر او الموزع | القاهرة : |
| اسم الناشر او الموزع | دار الكتب الحديثة ، |
| تاريخ النشر أو التوزيع | [1978]. |
| 300 ## - الوصف المادى | |
| التعداد | 464 ص ؛ |
| أبعاد الوعاء | 24 سم. |
| 504 ## - تبصرة ببليوجرافية | |
| تبصرة ببليوجرافية,الخ | يشتمل على إرجاعات ببليوجرافية |
| 650 ## - المدخل الاضافى بالموضوع-مصطلح موضوعى | |
| 9 (RLIN) | 26583 |
| مصطلح موضوعي أو اسم جغرافي كعنصر مدخل | الاسلام والعلم |
| 653 ## - مصطلح تكشيفى غير مقيد | |
| Resource For college | |
| Arrived date list | July2011 |
| 700 1# - المدخل الاضافى - اسم شخصى | |
| 9 (RLIN) | 26576 |
| الإسم الشخصى | الكردانى ، أحمد عبد السلام |
| الدور | إعداد |
| 942 ## - عناصر المدخل الإضافي( كوها) | |
| مصدر التصنيف او مخطط الترفيف | Dewey Decimal Classification |
| Koha [default] item type | Book - Borrowing |
| حالة التراجع | حالة الفقد | مصدر التصنيف او خطة الترفيف | حالة تلف | ليس للاعارة | مجموعات كوها | المكان الدائم | المكان الحالي | موقع الترفيف | تاريخ الاكتساب | رقم الاستدعاء | الباركود | Date last seen | نوع الوعاء |
|---|---|---|---|---|---|---|---|---|---|---|---|---|---|
| Dewey Decimal Classification | Alef-Baa | Central Library | Central Library | Lower Floor | 27/07/2011 | 297.265 غ م ر | 000023952 | 15/07/2025 | Book - Borrowing |